Eesti õigusajakirjanduse tsaariaegne kevade
| Titel: | Eesti õigusajakirjanduse tsaariaegne kevade |
|---|---|
| Verfasser: | |
| In: |
Õpetatud Eesti Selts: Õpetatud Eesti Seltsi aastaraamat, (2012), Seite 9-32, 3 Abb. alle Artikel anzeigen |
| Veröffentlicht: | 2012 [2013] |
| Format: | Aufsatz |
| Sprache: | Estnisch |
X
alg: 39282470 001A $01999:11-11-16 001B $01999:22-05-21 $t21:49:19.000 001C $06050:19-11-16 $t09:18:46.000 001D $01999:11-11-16 001U $0utf8 001X $00 002@ $0Aox 003@ $0392824701 007A $0392824701 $aHEB 007T $0Herdc0108827m 010@ $aest 011@ $a2012 $n2012 [2013] 021A $aEesti õigusajakirjanduse tsaariaegne kevade 028A $aLuts-Sootak $dMarju 031A $h9-32, 3 Abb. $j2012 037A $adt. Res. 31-32: Die Ursprünge der estnischsprachigen Rechtszeitschriftenliteratur aus der Zarenzeit 039B $aIn $8--Abvc--Õpetatud Eesti Selts [Tb1]. Õpetatud Eesti Seltsi aastaraamat. - Tartu : Mattiesen, 1938-. - ISSN 1406-8486 $x201200000000000991 $9047885599 045F $a020.94798 $eDDC23BSB 045F/01 $a020 045F/03 $g4798 045T $a7,53 $a9,10 lok: 39282470 78 exp: 39282470 78 1 #EPN 201B/01 $017-09-18 $t22:44:21.000 201U/01 $0utf8 203@/01 $0788934929 208@/01 $a11-11-16 $be 209A/01 $a/ $f000 $x00 220C/01 $aTitelaufnehmer: kk 220C/01 $aHerkunft: HI Marburg 244Z/01 $2Trx $#Estija $#Igaunija $#Estland $#Estonia $#Estonia $#Estónsko $#Estonsko $8--Trx--Eesti $x01 $9391237225 244Z/01 $#Tallinn $#Tallin $#Reval $#Reval Tallinn $75093293-7 $8--Tg1--Tallinn $x02 $9045056455 244Z/01 $#Tartu $#Dorpat $#Dorpat Tartu $#Derpt $#Tartu, Töörahva Saadikute Nõukogu $#TSN $#Tartu, Sovet Trudjašcichsja Deputatov $#Tartu Linna TSN Täitevkomitee $#Töörahva Saadikute Nõukogu Tartu $#Sovet Trudjašcichsja Deputatov Tartu $71029285-8 $8--Tg1--Tartu $x03 $9042051304 244Z/01 $aGeschichte 1909-1913 $x04 244Z/01 $2Trx $8--Trx--Vilms, Jüri$Z1889-1918 $x05 $9391071807 244Z/01 $2Trx $8--Trx--Pung, Mihkel$Z1876-1941 $x06 $9390919403 244Z/01 $2Trx $#integratsioonipoliitika, Vene $#Rusijos integracinė politika $#policy of integration, Russian $#integráció politika, orosz $#polityka narodowościowa, rosyjska $#politika integračná ruská $#politika integrační ruská $#Russifizierung $#rusyfikacja $8--Trx--Integrationspolitik, russische $x07 $9391375210 244Z/01 $2Trx $#juristid $#teisininkai $#jurists $#jogászok $#prawnicy $#právnici $#právníci $#Kanonisten $#Richter $#Rechtsanwälte $#kanoniści $#sędziowie $#adwokaci $#kanonisti $#sudci $#advokáti $#advokáti $8--Trx--Juristen $x08 $9391369474 244Z/01 $2Trx $#ajakirjad, teaduslikud $#moksliniai žurnalai $#scientific journals $#folyóíratok, tudományos $#czasopisma naukowe $#časopisy vedecké $#časopisy vědecké $8--Trx--Zeitschriften, wissenschaftliche $x09 $9391356119 244Z/01 $2Trx $#aktiivsus, poliitiline $#politikos veikėjai $#activism, political $#szerződtetés, politikai $#działacze polityczni $#aktivisti politickí $#aktivisté političtí $#activist, political $#działacze narodowi $8--Trx--Engagement, politisches $x10 $9391365509 244Z/01 $2Trx $8--Trx--Zeitschriftenaufsatz $x11 $9391384341 245Z/01 $a11.06 $x01 247C/01 $82080>Marburg/Lahn, Herder-Institut, Forschungsbibliothek, Bibliographieportal $9336309341
| LEADER | 00000caa a22000002c 4500 | ||
|---|---|---|---|
| 001 | 392824701 | ||
| 003 | DE-603 | ||
| 005 | 20210522214919.0 | ||
| 007 | tu | ||
| 008 | 161111s2012 xx |||| | u00||u|est c | ||
| 035 | |a (DE-599)HEB392824701 | ||
| 040 | |a DE-603 |b ger |c DE-603 |d DE-603 | ||
| 041 | |a est | ||
| 082 | 0 | 4 | |8 1\u |a 020.94798 |q DE-101 |2 23/BSB |
| 084 | |a 7,53 |a 9,10 |2 ssgn | ||
| 085 | |8 1\u |b 020 | ||
| 085 | |8 1\u |z 2 |s 4798 | ||
| 100 | 1 | |a Luts-Sootak, Marju | |
| 245 | 0 | 0 | |a Eesti õigusajakirjanduse tsaariaegne kevade |
| 264 | 0 | |c 2012 [2013] | |
| 500 | |a dt. Res. 31-32: Die Ursprünge der estnischsprachigen Rechtszeitschriftenliteratur aus der Zarenzeit | ||
| 773 | 0 | 8 | |i In |a Õpetatud Eesti Selts |t Õpetatud Eesti Seltsi aastaraamat |d Tartu : Mattiesen, 1938- |x 1406-8486 |g (2012), Seite 9-32, 3 Abb. |w (DE-603)047885599 |w (DE-600)570191-0 |
| 924 | 0 | |9 2080 |a (DE-603)788934929 |b DE-2080 |c HES |d d |g / | |


